三國演義

資料類型: Book 圖書   書目號:18418

Leader xxxxxxxxxx
001 __ PCLIS00018418
005 __ 20220219151301.0
010 0_ |a957-08-0181-6|b平裝|dNT$250-300
100 __ |a19980615d1980    k  y0chiy09      e
101 0_ |achi
102 __ |atw
105 __ |ay   z   000ay
200 1_ |a三國演義|f羅貫中著
205 __ |a初版
210 __ |a臺北市|c聯經|d民69(1980)
215 0_ |a[14], 962面|d21公分
225 __ |a中國古典小說新刊
300 __ |a本館最新館藏為2010年第三十七刷
306 __ |a民85年第十七刷
306 __ |a2010年第三十七刷
606 __ |2cst|a章回小說
681 __ |a857.4523|b6546
681 __ |a857.4523|b6546 88 c1
700 _1 |s|a|b貫中|f1320-1400|4801 _0 |atw|b內湖高中|c20010622|gCCR
801 _2 |atw|b內湖高中|c20220219|gCCR
詳細館藏 1-2 筆 (共 2 筆)
索 書 號登 錄 號冊次號館別 / 館藏地流通類型狀態加入預約清單電子資源
857.4523 / 6546 2007201  圖書館 / 一樓普通區 可外借30天 在館   
857.4523 / 6546 2017996  圖書館 / 一樓普通區 可外借30天 在館   

| 條列資料




目錄查詢 分類查詢 個人資料 圖書薦購 新書查詢 閉館日 排行榜 更多電子資源 Hami書城 線上資料庫 登出

From : 216.73.217.52

  本日流通累計至 19:33:34 借閱 : 0 次 續借 : 0 次 歸還 : 0 次 預約 : 0 次 電子資源 : 0 次


內湖高中圖書館  PCLIS 版本  26.5.0.12